000
00306nam a2200145Ia 4500
100
_a
Kuznotsov/D
650
_a
Chemistry
942
_c
BK
654
_a
Engineering
245
_a
Chemical Engineering
260
_b
Mir Publishers
_a
Moscow
_c
1969
082
_a
660.2
300
_a
328
546
_a
ENGLISH
999
_c
29899
_d
29899